Регионална библиотека "Любен Каравелов" - Русе

Убийците на паметта (Запис номер 62564)

MARC детайли
000 -Лидер
Контролно поле с фиксирана дължина 01578nam a2200373 c 4500
003 - Код на организацията, давaща контролен номер
Контролно поле BLK
005 - Дата и час на последна редакция
Контролно поле 20230311141313.0
008 - Елементи от данни с фиксирана дължина
fixed length control field 180408b bul|||||r ||||||| ||bul||
010 ## - Наследен системен номер
LC control number KNG00066788000
020 ## - Международен стандартен номер на книга ISBN
Международен стандартен номер на книга ISBN 954-587-111-3
040 ## - Източник на каталожния запис
Идентификатор на билиотеката - собственик на записа BLK
041 ## - Код за език
Код за езика на текст/звукозапис или на отделно заглавие Български
Код за езика КДБФ Български
080 ## - УДК
Текстов определител УДК История на Втората световна война (1939-1945)
УДК код - определител по УДК 94(100)"1939/1945"
УДК - код + определител 94(100)"1939/1945"
080 ## - УДК
Текстов определител УДК Движения срещу определени раси и националности
УДК код - определител по УДК 323.12
УДК определител (=924)(091)
УДК - код + определител 323.12(=924)(091)
100 1# - Редна дума - Автор
Автор Видал-Наке, Пиер
Авторска отговорност първи автор
R(LIN) 47900
139 ## - Редно поле
Редна дума Видал-Наке, Пиер
Авторски знак Вид - В 57
245 10 - Сведения за заглавието
Заглавие Убийците на паметта
Подзаглавни данни "Айхман от хартия" и др. есета върху ревизионизма
Редно поле (дума) Пиер Видал-Наке; прев. Галина Вълчинова.
257 ## - Страна на издаване
Страна на създаване/издаване Франция
260 ## - Област на издателските данни
Име на издателя, разпространителя и проч. КХ
Година на издаване 2005
300 ## - Физическа характеристика
Страници 199 с.
Размери/Мащаб 21 см
380 ## - Жанр
Жанр История
490 1# - СЕРИИ (Колекции)
Име на серия Серия Етоси
500 ## - Общи забележки
Забележка Ориг. загл. Les assassions de la memoire / Pierr Vidal-Naquet. - Офс. изд.
650 #4 - Допълнително описание по предмет – тема
Основно описание – тема или топоним Втора световна война - жестокости
9 (RLIN) 265154
650 #4 - Допълнително описание по предмет – тема
Основно описание – тема или топоним Еврейски въпрос
9 (RLIN) 265152
653 ## - Ключова дума – ненормативна
Ключова дума еврейски въпрос
653 ## - Ключова дума – ненормативна
Ключова дума Втора световна война
700 1# - Други автори (авторска отговорност)
Лично име Вълчинова, Галина
Автороска отговорност (Описва отношението между автора и произведението) прев.
9 (RLIN) 290874
852 ## - Местоположение
Форматна сигнатура Цб 228327
856 4# - Електронен адрес и достъп
Електронен формат pdf - файл
856 4# - Електронен адрес и достъп
Електронен формат pdf - файл
999 ## - СИСТЕМНИ КОНТРОЛНИ НОМЕРА
Koha biblionumber 62564
Koha biblioitemnumber 62564
942 ## - АРТИКУЛИ
Вид на библиотечния материал Книги
Скрит в OPAC Не
Периодичен библиозапис Да
Koha issues (borrowed), all copies 2
944 ## - СЪЗДАВАНЕ И РЕДАКЦИЯ на ЗАПИСА
Създаване/Редакция Създаване
Дата на регистрацията/редакция 28.06.2006
Служител, извършил регистрацията/редакцията Людмила_Стоянова
944 ## - СЪЗДАВАНЕ И РЕДАКЦИЯ на ЗАПИСА
Създаване/Редакция Редакция
Дата на регистрацията/редакция 17.04.2007
999 ## - СИСТЕМНИ КОНТРОЛНИ НОМЕРА
Koha biblioitemnumber 62564
Наличности
Код за отписване Код за изгубен артикул Източник на класификационната схема Код за повреда Коз за рестрикции Код за отдаване Артикулен № Име на библиотеката - собственик Име на библиотеката, в която се намира в момента Статус (Текущо местоположение) Дата на вписване в системата Местоположение - отдел Цена в лева Инвентарен номер Систематично азбучна сигнатура Баркод Номер на екземпляра Цена в евро Служебна бележка Служебен тип на артикула
  Не е изгубен Universal Decimal Classification Не е повреден без рестрикции заемане за дома 103904 Регионална библиотека "Любен Каравелов" Русе Регионална библиотека "Любен Каравелов" Русе Заемна - подръчен фонд 2006-06-28 Заемна - подръчен фонд 10.00 120000703461 94(100)"1939/1945"/В 57 П 120000703461 1 5.11 Дост: DA Вид: А N: 12 Дата: 28.06.2006 Дата инв: 07.02.2018 Бележки инв: П2018 Книги
  Не е изгубен   Не е повреден без рестрикции ползва се в читалня 103905 Регионална библиотека "Любен Каравелов" Русе Регионална библиотека "Любен Каравелов" Русе Хранилище 2007-04-11 Хранилище 10.00 120000712151 Цб 228327 120000712151 2 5.11 Дост: Dp Вид: Д N: 37 Дата: 16.08.2006 Книги
Vip Innovations Ltd, Rousse, Bulgaria 2025